MARC

LEADER 00000nam0a2200000 4500
001 92264
005 20231031104608.0
035 |a (RuTPU)RU\TPU\book\98866 
090 |a 92264 
100 |a 20060310d1976 k y0rusy50 ca 
101 0 |a rus 
102 |a KZ 
105 |a a z 001zy 
200 1 |a Жарма-Саурский геотектоноген  |f Г. Н. Щерба, Б. А. Дьячков, Г. П. Нахтигаль  |g Академия наук Казахской ССР; Институт геологических наук им. К. И. Сатпаева 
210 |a Алма-Ата  |c Наука  |d 1976 
215 |a 199 с.  |c ил. 
320 |a Библиогр.: с. 192-198. 
610 1 |a тектоника 
610 1 |a Северо-Восточный Казахстан 
610 1 |a металлогения 
610 1 |a геология 
610 1 |a геофизика 
610 1 |a магматизм 
610 1 |a земная кора 
610 1 |a строение 
675 |a 551.24  |v 3 
700 1 |a Щерба  |b Г. Н.  |g Григорий Никифорович 
701 1 |a Дьячков  |b Б. А.  |g Борис Александрович 
701 1 |a Нахтигаль  |b Г. П.  |g Герман Павлович 
712 0 2 |a Академия наук Казахской ССР (АН КазССР)  |b Институт геологических наук им. К. И. Сатпаева (ИГН)  |c (Алма-Ата)  |2 stltpush  |3 (RuTPU)RU\TPU\col\5163 
801 1 |a RU  |b 63413507  |c 20060310  |g PSBO 
801 2 |a RU  |b 63413507  |c 20091026  |g PSBO 
942 |c BK